1958 1892 1975 1106 1457 1457 1303 1120 1349 1256 1728 1461 1756 1323 1586 1692 1049 1057 1733 1259 1529 1567 1363 1970 1966 1829 1945 1819 1540 1778 1001 1670 1053 1075 1892 1976 1050 1252 1230 1125 1448 1889 1243 1094 1849 1911 1341 1902 1307 1179 1312 1619 1698 1776 1094 1123 1857 1937 1720 1884 1903 1419 1373 1637 1298 1880 1972 1973 1371 1598 1650 1008 1734 1606 1977 1022 1283 1122 1762 1337 1576 1669 1716 1218 1390 1552 1537 1547 1506 1724 1643 1360 1187 1583 1241 1007 1136 1366 1319 BCNSPRNW ULIB Ver.6.0+V

เปลี่ยนเป็นภาษาไทย

Change to English
 แสดงรายละเอียดบรรณานุกรม
  กลับหน้าหลัก

Brief Record : Get Marc (ISO 2709) : E-mail record : QR code < ปิดหน้าต่าง
LEADER : 00000nam 2200000uu 4500
001    13399111956
003     ULIB
008    110712s2544||||th 000 0 tha d
020    9743462139
050  4 GF26^bจ531ม 2544
100 0  จิรากรณ์ คชเสนี
245 10 มนุษย์กับสิ่งแวดล้อม /^cจิรากรณ์ คชเสนี
250    พิมพ์ครั้งที่ 2 (ฉบับแก้ไขปรับปรุง)
260    กรุงเทพฯ :^bสำนักพิมพ์แห่งจุฬาลงกรณ์มหาวิทยาลัย,^c2544
300    347 หน้า :^bภาพประกอบ ;^c21 ซม.
650  7 มนุษย์^xอิทธิพลของสิ่งแวดล้อม
650  7 นิเวศวิทยา
945    ^p175^l0^i014879
945    ^p175^l0^i014880
945    ^p175^l0^i014881
945    ^p175^l0^i014882
945    ^p175^l0^i014883
945    ^p175^l0^i015167
995    ทศพร
999 ^a ใช้งานได้ทุกระบบ
รายการนี้ยังไม่มีแท็ก
คุณยังไม่ได้ล็อกอิน คุณสามารถมีกิจกรรมร่วมกับเว็บไซต์ได้ แต่ต้องล็อกอินก่อน ::
  ล็อกอิน

รายการสื่อสารสนเทศ

ลำดับที่ ประเภท เลขเรียก/บาร์โค้ด สถานที่ สถานะ
- ไม่พบข้อมูล -

รายการใกล้เคียง
    ผู้แต่ง [จิรากรณ์ คชเสนี]

    หัวเรื่อง [นิเวศวิทยา]

BibComment


ยังไม่เคยถูกคอมเมนท์

คอมเมนท์ทรัพยากรรายการนี้
  คอมเมนท์: มนุษย์กับสิ่งแวดล..


 Copyright 2026. Bcnsprnw @Library